[Event "Faroes Open 2018"]
[Site "Sandavagur"]
[Date "2018.07.11"]
[Round "6"]
[White "Djurhuus, Arant"]
[Black "Joensen, Hans Petur"]
[Result "1-0"]
[WhiteElo "1703"]
[BlackElo "1627"]
[Annotator "NA"]
[PlyCount "63"]
[EventDate "2018.07.07"]
[EventType "swiss"]
[EventCountry "FAI"]
[SourceTitle "playchess.com"]
[Source "ChessBase"]
[SourceQuality "1"]
[TimeControl "40/5400+30:900+30"]

1. d4 {[%emt 0:00:00]} d5 {[%emt 0:00:05]} 2. Bf4 {[%emt 0:00:00]} Bf5 {[%emt 0:02:11]} 3. c4 {[%emt 0:00:02]} c6 {[%emt 0:00:48]} 4. Nc3 {[%emt 0:02:45]} e6 {[%emt 0:02:36]} 5. Qb3 {[%emt 0:01:48]} Qb6 {[%emt 0:03:11]} 6. c5 {[%emt 0:00:39]} Qxb3 {[%emt 0:00:51]} 7. axb3 {[%emt 0:00:11]} Nd7 {[%emt 0:01:24]} 8. e3 {[%emt 0:02:16]} Ngf6 {[%emt 0:00:40]} 9. b4 {[%emt 0:02:20]} Nh5 {[%emt 0:05:33]} 10. b5 {[%emt 0:03:35]} Nxf4 {[%emt 0:00:17]} 11. exf4 {[%emt 0:00:36]} Be7 {[%emt 0:04:27]} 12. Nf3 {[%emt 0:04:04]} O-O {[%emt 0:06:10]} 13. b4 {[%emt 0:03:50]} f6 {[%emt 0:12:27]} 14. bxc6 {[%emt 0:12:27]} bxc6 {[%emt 0:00:29]} 15. Nh4 {[%emt 0:19:17]} Bg6 {[%emt 0:09:21]} 16. Nxg6 {[%emt 0:00:22]} hxg6 {[%emt 0:00:08]} 17. Bd3 {[%emt 0:00:15]} Kf7 {[%emt 0:01:41]} 18. O-O {[%emt 0:01:29]} e5 {[%emt 0:00:43]} 19. fxe5 {[%emt 0:11:12]} fxe5 {[%emt 0:00:28]} 20. dxe5 {[%emt 0:00:47]} Nxe5 {[%emt 0:00:48]} 21. Bc2 {[%emt 0:01:13]} Bf6 {[%emt 0:03:14]} 22. Ra6 {[%emt 0:01:51]} Nc4 {[%emt 0:06:58]} 23. Na2 {[%emt 0:04:57]} Rfe8 {[%emt 0:14:42]} 24. Ba4 {[%emt 0:01:20]} Re2 {[%emt 0:04:58]} 25. Bxc6 {[%emt 0:00:48]} Rd8 {[%emt 0:00:15]} 26. Rxa7+ {[%emt 0:00:42]} Ke6 {[%emt 0:00:43]} 27. Bb5 {[%emt 0:03:42]} Bd4 {[%emt 0:01:41]} 28. Nc1 {[%emt 0:03:12]} Rb2 {[%emt 0:03:37]} 29. Nd3 {[%emt 0:00:53]} Rd2 {[%emt 0:00:22]} 30. Nf4+ {[%emt 0:00:54]} Kf5 {[%emt 0:04:43]} 31. Rf7+ {[%emt 0:01:23]} Kg4 {[%emt 0:00:21]} 32. h3+ {[%emt 0:00:34]} 1-0

[Event "Faroes Open 2018"]
[Site "Sandavagur"]
[Date "2018.07.11"]
[Round "6"]
[White "Gregersen, Einar"]
[Black "Jacobsen, Markus"]
[Result "1-0"]
[WhiteElo "1665"]
[BlackElo "1106"]
[Annotator "NA"]
[PlyCount "55"]
[EventDate "2018.07.07"]
[EventType "swiss"]
[EventCountry "FAI"]
[SourceTitle "playchess.com"]
[Source "ChessBase"]
[SourceQuality "1"]
[TimeControl "40/5400+30:900+30"]

1. e4 {[%emt 0:00:00]} e6 {[%emt 0:00:00]} 2. b3 {[%emt 0:00:00]} Nc6 {[%emt 0:00:25]} 3. Bb2 {[%emt 0:00:28]} d5 {[%emt 0:00:51]} 4. g4 {[%emt 0:03:45]} Nf6 {[%emt 0:01:57]} 5. Bg2 {[%emt 0:04:06]} Bc5 {[%emt 0:02:34]} 6. Qe2 {[%emt 0:02:53]} Nd4 {[%emt 0:01:41]} 7. Bxd4 {[%emt 0:02:31]} Bxd4 {[%emt 0:01:11]} 8. c3 {[%emt 0:00:11]} Bb6 {[%emt 0:01:54]} 9. e5 {[%emt 0:00:52]} Nd7 {[%emt 0:01:32]} 10. d4 {[%emt 0:04:22]} Qg5 {[%emt 0:05:01]} 11. Nd2 {[%emt 0:01:36]} c5 {[%emt 0:01:05]} 12. h4 {[%emt 0:01:38]} Qe7 {[%emt 0:03:14]} 13. Ngf3 {[%emt 0:01:21]} cxd4 {[%emt 0:01:51]} 14. cxd4 {[%emt 0:01:10]} Ba5 {[%emt 0:01:13]} 15. O-O {[%emt 0:01:05]} Bxd2 {[%emt 0:01:54]} 16. Qxd2 {[%emt 0:00:32]} Nf8 {[%emt 0:02:19]} 17. h5 {[%emt 0:07:14]} h6 {[%emt 0:01:47]} 18. Rfc1 {[%emt 0:00:17]} Nh7 {[%emt 0:01:35]} 19. Rc2 {[%emt 0:03:24]} O-O {[%emt 0:01:23]} 20. Rac1 {[%emt 0:00:43]} Ng5 {[%emt 0:01:12]} 21. Ne1 {[%emt 0:05:08]} Ne4 {[%emt 0:01:20]} 22. Bxe4 {[%emt 0:00:40]} dxe4 {[%emt 0:01:58]} 23. Qe3 {[%emt 0:00:48]} Qh4 {[%emt 0:02:29]} 24. Qxe4 {[%emt 0:00:28]} Rb8 {[%emt 0:00:54]} 25. Nf3 {[%emt 0:01:43]} Qh3 {[%emt 0:01:03]} 26. Rc3 {[%emt 0:00:59]} Bd7 {[%emt 0:01:27]} 27. Ng5 {[%emt 0:01:21]} Qh1+ {[%emt 0:01:18]} 28. Qxh1 {[%emt 0:00:59]} 1-0

[Event "Faroes Open 2018"]
[Site "Sandavagur"]
[Date "2018.07.11"]
[Round "6"]
[White "Petersen, Gutti"]
[Black "Fjallheim, Benjamin Reinert"]
[Result "1-0"]
[WhiteElo "1596"]
[BlackElo "1375"]
[Annotator "NA"]
[PlyCount "149"]
[EventDate "2018.07.07"]
[EventType "swiss"]
[EventCountry "FAI"]
[SourceTitle "playchess.com"]
[Source "ChessBase"]
[SourceQuality "1"]
[TimeControl "40/5400+30:900+30"]

1. e4 {[%emt 0:00:35]} e5 {[%emt 0:00:00]} 2. Nf3 {[%emt 0:00:00]} Nc6 {[%emt 0:00:00]} 3. Bb5 {[%emt 0:00:04]} a6 {[%emt 0:00:08]} 4. Bxc6 {[%emt 0:00:11]} dxc6 {[%emt 0:00:20]} 5. d3 {[%emt 0:00:09]} Bd6 {[%emt 0:01:09]} 6. Be3 {[%emt 0:00:06]} Nf6 {[%emt 0:00:21]} 7. Nbd2 {[%emt 0:00:06]} Be6 {[%emt 0:00:33]} 8. Qe2 {[%emt 0:00:30]} Ng4 {[%emt 0:02:08]} 9. h3 {[%emt 0:01:05]} Nxe3 {[%emt 0:00:44]} 10. Qxe3 {[%emt 0:00:19]} c5 {[%emt 0:02:51]} 11. Nc4 {[%emt 0:04:05]} f6 {[%emt 0:00:13]} 12. Ncd2 {[%emt 0:03:44]} h6 {[%emt 0:02:31]} 13. Qe2 {[%emt 0:00:21]} Qd7 {[%emt 0:01:44]} 14. b3 {[%emt 0:00:25]} Qf7 {[%emt 0:03:05]} 15. Nh2 {[%emt 0:04:42]} Qg6 {[%emt 0:02:29]} 16. f3 {[%emt 0:01:01]} h5 {[%emt 0:04:48]} 17. O-O-O {[%emt 0:00:37]} Qg5 {[%emt 0:02:23]} 18. Kb1 {[%emt 0:00:31]} g6 {[%emt 0:00:35]} 19. Nhf1 {[%emt 0:03:41]} Rb8 {[%emt 0:02:20]} 20. h4 {[%emt 0:01:27]} Qh6 {[%emt 0:00:23]} 21. Ne3 {[%emt 0:01:26]} b5 {[%emt 0:00:45]} 22. Ka1 {[%emt 0:01:19]} Qg7 {[%emt 0:02:36]} 23. c4 {[%emt 0:01:41]} b4 {[%emt 0:00:31]} 24. Kb1 {[%emt 0:01:42]} a5 {[%emt 0:01:06]} 25. g4 {[%emt 0:00:40]} a4 {[%emt 0:01:40]} 26. Rdg1 {[%emt 0:01:07]} axb3 {[%emt 0:04:07]} 27. axb3 {[%emt 0:02:36]} Ra8 {[%emt 0:00:58]} 28. Kb2 {[%emt 0:00:15]} c6 {[%emt 0:02:59]} 29. Qg2 {[%emt 0:02:46]} Kf7 {[%emt 0:05:58]} 30. Qh3 {[%emt 0:13:02]} Ra6 {[%emt 0:02:45]} 31. Ra1 {[%emt 0:00:20]} Rha8 {[%emt 0:00:36]} 32. Rxa6 {[%emt 0:00:35]} Rxa6 {[%emt 0:00:10]} 33. Rg1 {[%emt 0:00:13]} Qh6 {[%emt 0:01:36]} 34. Re1 {[%emt 0:00:35]} Qh8 {[%emt 0:00:37]} 35. Qh1 {[%emt 0:03:04]} Qa8 {[%emt 0:03:05]} 36. Ra1 {[%emt 0:00:30]} Rxa1 {[%emt 0:00:56]} 37. Qxa1 {[%emt 0:00:40]} Qxa1+ {[%emt 0:00:03]} 38. Kxa1 {[%emt 0:00:26]} hxg4 {[%emt 0:00:27]} 39. fxg4 {[%emt 0:00:38]} Bf8 {[%emt 0:02:54]} 40. Nf3 {[%emt 0:03:00]} Bd6 {[%emt 0:04:59]} 41. Kb2 {[%emt 0:15:27]} Kg7 {[%emt 0:15:42]} 42. Kc2 {[%emt 0:00:28]} Be7 {[%emt 0:01:48]} 43. Kd2 {[%emt 0:00:16]} Kh6 {[%emt 0:03:00]} 44. Ke2 {[%emt 0:00:39]} Bc8 {[%emt 0:00:52]} 45. Kf2 {[%emt 0:00:22]} Be6 {[%emt 0:00:15]} 46. Kg3 {[%emt 0:00:04]} Bc8 {[%emt 0:00:33]} 47. Nd1 {[%emt 0:05:45]} Bd6 {[%emt 0:00:49]} 48. Nf2 {[%emt 0:00:39]} Be7 {[%emt 0:02:13]} 49. Nh3 {[%emt 0:00:25]} Be6 {[%emt 0:00:40]} 50. g5+ {[%emt 0:00:14]} Kg7 {[%emt 0:00:35]} 51. gxf6+ Kxf6 52. Nhg5 {[%emt 0:05:47]} Bd6 {[%emt 0:00:42]} 53. Nxe6 {[%emt 0:06:17]} Kxe6 {[%emt 0:00:00]} 54. Kg4 {[%emt 0:00:43]} Be7 {[%emt 0:00:01]} 55. h5 {[%emt 0:07:51]} gxh5+ {[%emt 0:00:15]} 56. Kxh5 {[%emt 0:00:05]} Kf6 {[%emt 0:00:43]} 57. Nh4 {[%emt 0:01:54]} Bd6 {[%emt 0:02:02]} 58. Nf5 {[%emt 0:01:36]} Bf8 {[%emt 0:00:51]} 59. Ne3 {[%emt 0:01:38]} Bd6 {[%emt 0:00:55]} 60. Ng4+ {[%emt 0:00:18]} Kf7 {[%emt 0:00:51]} 61. Kg5 {[%emt 0:00:20]} Ke6 {[%emt 0:00:13]} 62. Kg6 {[%emt 0:00:52]} Be7 {[%emt 0:00:34]} 63. Nh6 {[%emt 0:01:24]} Bh4 {[%emt 0:01:05]} 64. Nf7 {[%emt 0:01:11]} Be1 {[%emt 0:02:05]} 65. Ng5+ {[%emt 0:00:49]} Ke7 {[%emt 0:01:07]} 66. Kf5 {[%emt 0:00:48]} Bc3 {[%emt 0:00:57]} 67. Ne6 {[%emt 0:03:14]} Kd6 {[%emt 0:00:01]} 68. Kf6 {[%emt 0:01:17]} Bb2 {[%emt 0:00:29]} 69. Nd8 {[%emt 0:01:25]} Bc3 {[%emt 0:00:54]} 70. Nb7+ {[%emt 0:00:35]} Kc7 {[%emt 0:01:32]} 71. Nxc5 {[%emt 0:00:31]} Kd6 {[%emt 0:00:52]} 72. Ne6 c5 73. Nd8 {[%emt 0:04:42]} Bd4 {[%emt 0:00:14]} 74. Nf7+ Kd7 {[%emt 0:00:30]} 75. Kf5 {[%emt 0:00:49]} 1-0

[Event "Faroes Open 2018"]
[Site "Sandavagur"]
[Date "2018.07.11"]
[Round "6"]
[White "Tummasarson, Flóvin Matras"]
[Black "Petersen, Elias"]
[Result "1-0"]
[WhiteElo "1237"]
[BlackElo "1035"]
[Annotator "NA"]
[PlyCount "83"]
[EventDate "2018.07.07"]
[EventType "swiss"]
[EventCountry "FAI"]
[SourceTitle "playchess.com"]
[Source "ChessBase"]
[SourceQuality "1"]
[TimeControl "40/5400+30:900+30"]

1. e4 {[%emt 0:00:00]} e5 {[%emt 0:00:00]} 2. Nf3 {[%emt 0:05:12]} Nc6 {[%emt 0:00:20]} 3. Bc4 {[%emt 0:00:12]} Bc5 {[%emt 0:01:02]} 4. c3 {[%emt 0:00:34]} d6 {[%emt 0:00:53]} 5. d4 {[%emt 0:02:42]} Bb6 {[%emt 0:00:34]} 6. Be3 {[%emt 0:03:14]} Bg4 {[%emt 0:03:29]} 7. d5 {[%emt 0:10:31]} Nce7 {[%emt 0:02:27]} 8. Bxb6 {[%emt 0:02:56]} axb6 {[%emt 0:00:27]} 9. Nbd2 {[%emt 0:00:10]} Nf6 {[%emt 0:00:39]} 10. Qc2 {[%emt 0:00:53]} O-O 11. h3 {[%emt 0:02:52]} Bh5 {[%emt 0:00:46]} 12. O-O h6 {[%emt 0:00:29]} 13. Rfe1 {[%emt 0:03:16]} c6 14. dxc6 {[%emt 0:01:43]} bxc6 {[%emt 0:00:38]} 15. Bb3 {[%emt 0:05:19]} Bg6 {[%emt 0:00:37]} 16. Qc1 {[%emt 0:01:18]} Qc7 {[%emt 0:04:19]} 17. c4 {[%emt 0:03:00]} Nd7 18. Qc3 {[%emt 0:02:06]} Kh8 {[%emt 0:03:37]} 19. Bc2 {[%emt 0:00:57]} f5 {[%emt 0:01:06]} 20. Nh4 Bh7 21. exf5 {[%emt 0:05:28]} Bxf5 {[%emt 0:02:48]} 22. Bxf5 Nxf5 {[%emt 0:00:39]} 23. Ng6+ {[%emt 0:01:28]} Kg8 {[%emt 0:00:23]} 24. Nxf8 {[%emt 0:00:26]} Rxf8 {[%emt 0:00:19]} 25. Ne4 {[%emt 0:01:37]} Nd4 {[%emt 0:00:32]} 26. Rac1 {[%emt 0:05:09]} Nf6 {[%emt 0:00:48]} 27. f4 {[%emt 0:00:30]} Nh5 {[%emt 0:02:18]} 28. fxe5 dxe5 {[%emt 0:00:16]} 29. Ng3 {[%emt 0:04:36]} Nf4 30. Qe3 {[%emt 0:02:29]} Re8 {[%emt 0:02:45]} 31. Rf1 {[%emt 0:05:27]} Re7 {[%emt 0:04:15]} 32. Rcd1 {[%emt 0:05:54]} c5 {[%emt 0:01:44]} 33. Qe4 {[%emt 0:06:15]} Kh8 {[%emt 0:01:12]} 34. Rde1 {[%emt 0:07:44]} Kg8 {[%emt 0:01:27]} 35. Rxf4 {[%emt 0:00:44]} exf4 {[%emt 0:00:12]} 36. Qxe7 {[%emt 0:00:07]} Qxe7 {[%emt 0:00:18]} 37. Rxe7 {[%emt 0:00:57]} fxg3 {[%emt 0:00:41]} 38. Rb7 {[%emt 0:00:24]} Nc2 {[%emt 0:00:13]} 39. Rxb6 {[%emt 0:00:28]} Nb4 {[%emt 0:00:11]} 40. a4 Kf7 41. Rxb4 {[%emt 0:15:55]} cxb4 {[%emt 0:16:02]} 42. a5 1-0

[Event "Faroes Open 2018"]
[Site "Sandavagur"]
[Date "2018.07.12"]
[Round "7"]
[White "Jones, Gawain C B"]
[Black "Miezis, Normunds"]
[Result "1/2-1/2"]
[WhiteElo "2670"]
[BlackElo "2463"]
[Annotator "TA"]
[PlyCount "68"]
[EventDate "2018.07.07"]
[EventType "swiss"]
[EventCountry "FAI"]
[SourceTitle "playchess.com"]
[Source "ChessBase"]
[SourceQuality "1"]

{[%evp 16,68,42,0,0,0,0,0,0,0,0,-10,0,-40,-37,-48,-31,-51,-53,-41,-16,-23,-14,-83,-73,-77,-73,-113,-102,-107,-103,-107,-106,-104,-110,-112,-109,-110,-110,-107,-92,-96,-85,-95,-77,-79,-78,-80,-72,-67,0,-83,0,-70,0]} 1. e4 c5 2. Nf3 e6 3. d4 cxd4 4. Nxd4 a6 5. c4 {[%cal Bc2c4,Bc4c5,Bc5b6][%mdl 32]} Nf6 6. Nc3 {[%cal Bb1c3,Bc3a4,Ba4b6][%mdl 32]} Qc7 7. Be3 Bb4 8. Qb3 {B41: Sicilian: Kan Variation: 5 c4} (8. Bd3 Nc6 9. Nxc6 bxc6 10. O-O O-O 11. c5 d5 12. cxd6 Bxd6 13. h3 c5 14. Rc1 Bb7 15. Qe2 Rfc8 16. b3 {½-½ (46) Wojtaszek,R (2729)-Bartel,M (2640) Poland 2016}) 8... Bc5 9. Na4 {LiveBook: 3 Games} Ba7 $146 ({Predecessor:} 9... d6 10. e5 Ne4 11. Nxc5 Qa5+ 12. Kd1 Nxc5 13. Qc3 Qxc3 14. bxc3 dxe5 15. Nb5 axb5 16. Bxc5 bxc4 17. Bxc4 {0-1 (47) Boruchovsky,A (2517)-Oratovsky,M (2493) Israel 2015}) 10. c5 {The position is equal.} Nxe4 11. Nb6 $1 {[%cal Rb6a8]} Bxb6 $1 12. cxb6 Qe5 13. Qb4 Nf6 14. Rc1 {[%cal Rc1c8] [#]} Nc6 15. Nxc6 dxc6 16. Bc4 Ng4 17. Qc5 Qxc5 18. Bxc5 Ne5 19. Be2 {[#]} (19. O-O $11 {keeps the balance.}) 19... Nd7 $1 $17 20. Be3 e5 21. f4 exf4 22. Bd4 O-O 23. Rf1 Re8 24. Rxf4 Nf8 25. Kf1 Ng6 26. Rf2 Be6 27. b3 Rad8 28. Rd1 Ne7 29. Bc5 Rxd1+ 30. Bxd1 Nd5 31. Bf3 Bf5 {White must now prevent ...Bd3+.} 32. Be2 Be6 33. Bf3 $1 Bf5 {...Bd3+ is the strong threat.} 34. Be2 $1 Be6 {Precision: White = 61%, Black = 57%.} (34... Bc8 $15) 1/2-1/2

[Event "Faroes Open 2018"]
[Site "Sandavagur"]
[Date "2018.07.12"]
[Round "7"]
[White "Vavulin, Maksim"]
[Black "Greenfeld, Alon"]
[Result "1/2-1/2"]
[WhiteElo "2552"]
[BlackElo "2496"]
[Annotator "TA"]
[PlyCount "57"]
[EventDate "2018.07.07"]
[EventType "swiss"]
[EventCountry "FAI"]
[SourceTitle "playchess.com"]
[Source "ChessBase"]
[SourceQuality "1"]

{[%evp 21,57,12,0,0,8,-12,-23,-20,0,0,0,0,0,-12,0,0,0,0,0,0,0,0,0,0,0,-6,-6,-6,-6,-10,-4,-37,0,0,0,-32,0,0]} 1. e4 c5 2. Nf3 Nc6 3. d4 cxd4 4. Nxd4 g6 5. Nc3 Bg7 6. Be3 Nf6 7. Bc4 O-O 8. Bb3 d5 9. exd5 {B35: Sizilianisch (Beschleunigtes Fianchetto)} Na5 10. Nde2 (10. O-O Nxb3 11. Nxb3 b6 12. d6 e6 13. Qf3 Rb8 14. Rfd1 Bb7 15. Qh3 Rc8 16. Bd4 Nd5 17. Nxd5 Bxd5 18. Bxg7 Kxg7 {1-0 (34) Vachier Lagrave,M (2796)-Gelfand,B (2719) Palma de Mallorca 2017}) 10... a6 11. Qd2 b5 {LiveBook: 3 Partien} 12. Rd1 Bb7 13. a3 Nxb3 $146 ({Vorgänger:} 13... Qc7 14. Bf4 Qc8 15. Ba2 Nc4 16. Bxc4 Qxc4 {0-1 (63) Stasans,A (2117)-Kashtanov,R (2377) Panevezys 2017}) 14. cxb3 e6 15. dxe6 Bxg2 16. Rg1 {[#] Schwarz muss nun exf7+ beachten.} Bb7 17. Bc5 {Und Df4 würde nun gewinnen.} Qxd2+ 18. Rxd2 Rfc8 19. exf7+ Kxf7 20. Bd4 Re8 21. Rg3 Rad8 {Weiss sollte ...Sh5 verhindern.} 22. Rgd3 Bh6 23. Rd1 Ng4 24. Rh3 {[#] Und weiter mit f3 wäre nett.} Kg8 25. Rh4 Bf3 26. Rh3 Bb7 {[%mdl 1024] Schwarz hat Kompensation.} 27. Rh4 Bf3 28. Rh3 Bb7 29. Rh4 {Precision: Weiß = 76%, Schwarz = 65%.} 1/2-1/2

[Event "Faroes Open 2018"]
[Site "Sandavagur"]
[Date "2018.07.12"]
[Round "7"]
[White "Narayanan, Srinath"]
[Black "Kunin, Vitaly"]
[Result "1-0"]
[WhiteElo "2549"]
[BlackElo "2538"]
[Annotator "TA"]
[PlyCount "149"]
[EventDate "2018.07.07"]
[EventType "swiss"]
[EventCountry "FAI"]
[SourceTitle "playchess.com"]
[Source "ChessBase"]
[SourceQuality "1"]

{[%evp 21,149,10,0,-38,-34,-35,-7,-7,-7,0,0,-31,-29,-43,-47,-61,-43,-48,-42,-38,-44,-47,-45,-47,70,72,72,83,72,72,83,75,100,62,139,25,94,0,147,103,139,146,253,130,144,142,156,152,141,101,118,106,131,116,338,339,326,331,348,348,348,344,325,331,350,351,351,341,448,440,536,330,462,462,455,422,733,722,631,702,877,853,729,821,807,686,871,861,818,735,866,859,884,864,1641,1711,12841,638,5056,859,837,829,806,0,674,0,4818,4702,29966,29966,29966,29966,29970,29971,29970,29971,29971,29973,29972,29974,29976,29978,29977,29978,29978,29979,29979,29980,29980,29981]} 1. e4 d6 2. d4 Nf6 3. Nc3 e5 4. Nf3 Nbd7 5. Bc4 Be7 6. O-O O-O 7. a4 c6 8. h3 a5 9. Re1 exd4 10. Nxd4 Nc5 11. Qf3 {C41: Philidor-Verteidigung} (11. Bf4 Be6 12. Bf1 Qb6 13. Qf3 Rfe8 14. b3 d5 15. exd5 Bxd5 16. Nxd5 Nxd5 17. Be5 Bf6 18. Bxf6 Nxf6 19. Bc4 {1-0 (37) Agdestein,S (2626)-Predojevic,B (2614) Norway 2015}) 11... Be6 {LiveBook: 14 Partien} 12. Nxe6 fxe6 13. Qe2 {Schwarz steht etwas besser.} Kh8 $146 ({Vorgänger:} 13... Rf7 14. e5 Nd5 15. exd6 Bxd6 16. Ne4 Nxe4 17. Qxe4 Qf6 18. Be3 Re8 {½-½ (38) Pierard,F (2101)-Steil Antoni,F (2141) Novi Sad 2016}) 14. e5 Nd5 15. exd6 Bxd6 16. Nd1 Qc7 17. b3 Rf6 18. Bb2 Nf4 19. Qe3 $1 Rg6 20. Bf1 $1 Rf8 21. Kh1 Rf5 22. Nc3 Rfg5 (22... Qf7 $15 23. Rad1 Nd5 24. Nxd5 cxd5) 23. g3 $14 Nd5 24. Nxd5 cxd5 25. Bg2 h6 26. Rad1 b6 27. Ba1 Bf4 ({Besser ist} 27... Rh5 $14) 28. Qf3 (28. gxf4 $6 Rxg2 29. Rg1 Rxg1+ 30. Rxg1 Kh7 $11) (28. Qxf4 $16 Qxf4 29. gxf4 Rxg2 30. Bd4) 28... Bd6 (28... Ne4 $11 29. Rxe4 dxe4 30. Qxe4 Bxg3 31. fxg3 Qxg3) 29. Qe3 (29. Re3 $16) 29... Nd7 (29... Bf4 $1 $11 {bleibt in der Remisbreite.} 30. Qf3 (30. gxf4 Rxg2 31. Rg1 Rxg1+ 32. Rxg1 Rxg1+ 33. Kxg1 Kg8 $11) (30. Qxf4 Qxf4 31. gxf4 Rxg2 $16) 30... Bd6) 30. Re2 Rf5 {[#]} 31. c4 $1 {[%cal Rc4d5][%mdl 512]} Bc5 (31... Nc5 $16 {kämpft weiter.} 32. cxd5 e5) (31... dxc4 32. Qd2) 32. Bd4 (32. Qd3 $18 Bxf2 {[#]} 33. Rxf2 $1 {[%mdl 512]} (33. cxd5 Nc5 $11)) 32... Bxd4 33. Qxd4 Nf8 34. cxd5 exd5 35. g4 Rf4 36. Qxd5 Rgf6 37. Kg1 $36 {[%mdl 2048] Weiss ist am Drücker.} Qc5 $2 (37... Qc3 $16 38. Rdd2 Qc1+ 39. Bf1 Ng6) 38. Qxc5 $18 bxc5 39. Rd8 c4 40. bxc4 Rxc4 41. Ree8 Rcf4 42. Be4 g5 43. f3 Kg7 44. Ra8 Rf7 45. Rxa5 Ng6 46. Rf5 Ra7 47. a5 Rxf5 48. gxf5 {[%mdl 4096] Endspiel KTL-KTS} ({Weniger gut wäre} 48. Bxf5 Rxa5 49. Bxg6 Kxg6 $16) 48... Nf4 (48... Ne7 $142 49. a6 Kf6) 49. Ra8 Rd7 50. a6 Rd1+ 51. Kf2 Ra1 52. Ke3 Ra4 53. Kd2 Nh5 54. Bd3 Nf4 55. Bb5 Ra5 56. Bc4 Nd5 57. Rb8 Ne7 58. Rb7 Ra4 59. Kc3 (59. Rxe7+ $142 Kf6 60. Rf7+ Ke5 61. Kc3) 59... Ra3+ 60. Rb3 (60. Kb4 $142 Rxa6 61. Bxa6) 60... Ra4 61. Rb2 Ra3+ 62. Rb3 $2 (62. Kb4 $18 Ra1 63. Re2 Nxf5 64. Ra2 Rb1+ 65. Kc5) 62... Ra5 $2 {[%mdl 8192]} (62... Ra4 $11 63. Rb4 Ra5) 63. Rb7 $2 (63. Rb6 $18 {Weiss will mit f6+ Matt setzen.} Nd5+ 64. Bxd5 Rxd5 65. Kb4) 63... Kf6 $2 {[%mdl 8192]} (63... Ra3+ $11 64. Kb4 Rxa6 65. Bxa6 Kf6 66. Rb6+ Kxf5 67. Rxh6 Ke5) 64. Rb6+ Kxf5 65. Rb5+ {Weiß setzt Matt.} Rxb5 66. Bxb5 {KL-KS} Nd5+ 67. Kd4 Nc7 68. Bd7+ Kf6 69. a7 Ke7 70. Bc6 Kd6 71. a8=Q Nxa8 72. Bxa8 Ke6 73. Be4 Kf6 74. Kd5 h5 75. Kd6 {Precision: Weiß = 62%, Schwarz = 34%.} 1-0

[Event "Faroes Open 2018"]
[Site "Sandavagur"]
[Date "2018.07.12"]
[Round "7"]
[White "Nakar, Eylon"]
[Black "Ziska, Helgi Dam"]
[Result "1/2-1/2"]
[WhiteElo "2462"]
[BlackElo "2552"]
[Annotator "TA"]
[PlyCount "63"]
[EventDate "2018.07.07"]
[EventType "swiss"]
[EventCountry "FAI"]
[SourceTitle "playchess.com"]
[Source "ChessBase"]
[SourceQuality "1"]

{[%evp 25,63,16,10,18,25,25,18,18,16,23,22,23,22,23,19,27,41,25,33,37,41,27,41,18,28,16,24,22,21,21,32,31,39,19,19,19,19,8,8,8]} 1. e4 e5 2. Nf3 Nc6 3. Bb5 g6 4. c3 a6 5. Ba4 d6 6. d4 Bd7 7. O-O Bg7 8. Re1 Nf6 9. Bxc6 {C79: Ruy Lopez: Steinitz-type lines with 3...a6 4 Ba4 Nf6 5 0-0 d6} Bxc6 10. dxe5 Nxe4 11. exd6 O-O 12. dxc7 Qxc7 13. Be3 Rad8 {LiveBook: 3 Games} 14. Nbd2 (14. Nd4 Be5 15. h3 Bh2+ 16. Kh1 Bf4 {½-½ (60) Kasimdzhanov,R (2683)-Mamedyarov,S (2799) Riadh 2017}) 14... b5 $146 ({Predecessor:} 14... Nxd2 15. Nxd2 Rfe8 16. h3 Re6 {½-½ (49) Suvorov,S (2310)-Artemyev,D (2361) ICCF email 2015}) 15. Nd4 Nxd2 16. Qxd2 Qb7 17. f3 b4 18. Bh6 {Threatens to win with Bxg7.} ({Of course not} 18. cxb4 Rxd4 19. Bxd4 Rd8 $17) 18... bxc3 19. bxc3 Bxh6 20. Qxh6 Rd5 21. Qd2 (21. Qf4 {seems wilder.} Bb5 22. Re4 Qc8 23. Qd2 Rc5 24. Re3) 21... Qc7 22. Re3 Rc8 23. Rae1 Ba4 24. Qb2 Rc5 {[%cal Rc5c3]} 25. Qa3 Rc4 26. Re7 Qb6 27. R1e3 Rb8 28. h3 Rbc8 29. R7e4 Qc5 {The position is equal.} 30. Qxc5 R8xc5 31. Ne2 Rxe4 32. Rxe4 {Precision: White = 50%, Black = 73%.} 1/2-1/2

[Event "Faroes Open 2018"]
[Site "Sandavagur"]
[Date "2018.07.12"]
[Round "7"]
[White "Nielsen, Hogni Egilstoft"]
[Black "Nielsen, Rogvi Egilstoft"]
[Result "1/2-1/2"]
[WhiteElo "2397"]
[BlackElo "2337"]
[Annotator "NA"]
[PlyCount "62"]
[EventDate "2018.07.07"]
[EventType "swiss"]
[EventCountry "FAI"]
[SourceTitle "playchess.com"]
[Source "ChessBase"]
[SourceQuality "1"]
[TimeControl "40/5400+30:900+30"]

1. e4 {[%emt 0:00:00]} e5 {[%emt 0:00:58]} 2. Nf3 {[%emt 0:00:00]} Nf6 {[%emt 0:00:17]} 3. Nxe5 {[%emt 0:00:25]} d6 {[%emt 0:00:09]} 4. Nf3 {[%emt 0:00:07]} Nxe4 {[%emt 0:00:15]} 5. Nc3 {[%emt 0:00:19]} Nxc3 {[%emt 0:05:55]} 6. dxc3 {[%emt 0:00:08]} Be7 {[%emt 0:03:11]} 7. Bd3 {[%emt 0:00:40]} Nd7 {[%emt 0:00:25]} 8. Be3 {[%emt 0:05:33] LiveBook: 11 Partien} Nc5 {[%emt 0:02:36]} 9. Be2 {[%emt 0:05:23]} O-O {[%emt 0:03:34]} 10. Qd5 {[%emt 0:07:09]} Bg4 {[%emt 0:08:14]} 11. O-O {[%emt 0:20:46]} c6 {[%emt 0:03:46]} 12. Qd1 $11 {[%emt 0:06:23]} Ne6 {[%emt 0:12:24]} 13. Nd4 {[%emt 0:07:35]} Bxe2 {[%emt 0:00:50]} 14. Qxe2 {[%emt 0:00:20]} Nxd4 {[%emt 0:00:42]} 15. Bxd4 {[%emt 0:00:21]} Bf6 {[%emt 0:03:12]} 16. Bxf6 {[%emt 0:03:24]} Qxf6 {[%emt 0:00:08]} 17. Rfe1 {[%emt 0:00:07]} Rab8 {[%emt 0:02:38]} 18. Rad1 {[%emt 0:03:09]} d5 {[%emt 0:02:34]} 19. Rd3 {[%emt 0:00:41]} h6 {[%emt 0:05:27]} 20. Rf3 {[%emt 0:05:34]} Qd8 {[%emt 0:06:45]} 21. Qe7 {[%emt 0:08:30]} Qxe7 {[%emt 0:03:27]} 22. Rxe7 {[%emt 0:01:15]} f6 {[%emt 0:00:09]} 23. Rfe3 {[%emt 0:01:49]} Rf7 {[%emt 0:00:16]} 24. Kf1 {[%emt 0:00:35]} Kf8 {[%emt 0:00:32]} 25. R7e6 {[%emt 0:00:06]} Rd7 {[%emt 0:02:31]} 26. Ke2 {[%emt 0:05:31]} Rbd8 {[%emt 0:01:00]} 27. Kf3 {[%emt 0:04:34]} Rd6 {[%emt 0:01:09]} 28. Re7 {[%emt 0:01:52]} R6d7 {[%emt 0:00:12]} 29. R7e6 {[%emt 0:00:28]} Rd6 {[%emt 0:00:09]} 30. Re7 {[%emt 0:00:44]} R6d7 {[%emt 0:00:07]} 31. R7e6 {[%emt 0:00:13]} Rd6 1/2-1/2